| 000 -LEADER |
| fixed length control field |
02897nam a22005055i 4500 |
| 001 - CONTROL NUMBER |
| control field |
978-3-031-51667-2 |
| 003 - CONTROL NUMBER IDENTIFIER |
| control field |
DE-He213 |
| 005 - DATE AND TIME OF LATEST TRANSACTION |
| control field |
20250103112334.0 |
| 007 - PHYSICAL DESCRIPTION FIXED FIELD--GENERAL INFORMATION |
| fixed length control field |
cr nn 008mamaa |
| 008 - FIXED-LENGTH DATA ELEMENTS--GENERAL INFORMATION |
| fixed length control field |
240125s2024 sz | s |||| 0|eng d |
| 020 ## - INTERNATIONAL STANDARD BOOK NUMBER |
| International Standard Book Number |
9783031516672 |
| -- |
978-3-031-51667-2 |
| 024 ## - OTHER STANDARD IDENTIFIER |
| Standard number or code |
10.1007/978-3-031-51667-2 |
| Source of number or code |
doi |
| 050 ## - LIBRARY OF CONGRESS CALL NUMBER |
| Classification number |
TJ1-1570 |
| 072 ## - SUBJECT CATEGORY CODE |
| Subject category code |
TRL |
| Source |
bicssc |
| 072 ## - SUBJECT CATEGORY CODE |
| Subject category code |
TRA006000 |
| Source |
bisacsh |
| 072 ## - SUBJECT CATEGORY CODE |
| Subject category code |
TRL |
| Source |
thema |
| 082 ## - DEWEY DECIMAL CLASSIFICATION NUMBER |
| Classification number |
623.8 |
| Edition number |
23 |
| 100 ## - MAIN ENTRY--PERSONAL NAME |
| Personal name |
Karkori, Fidaa. |
| Relator term |
author. |
| Authority record control number or standard number |
(orcid)0009-0005-5299-3782 |
| Real World Object URI |
https://orcid.org/0009-0005-5299-3782 |
| Relationship |
aut |
| -- |
http://id.loc.gov/vocabulary/relators/aut |
| 245 ## - TITLE STATEMENT |
| Title |
Ship Sanitation, Health and Hygiene |
| Medium |
[electronic resource] : |
| Remainder of title |
An Approach to Better Welfare for Modern Seafarers / |
| Statement of responsibility, etc. |
by Fidaa Karkori. |
| 250 ## - EDITION STATEMENT |
| Edition statement |
1st ed. 2024. |
| 260 ## - PUBLICATION, DISTRIBUTION, ETC. |
| Place of publication, distribution, etc. |
Cham : |
| Name of publisher, distributor, etc. |
Springer Nature Switzerland : |
| -- |
Imprint: Springer, |
| Date of publication, distribution, etc. |
2024. |
| 300 ## - PHYSICAL DESCRIPTION |
| Extent |
XXXIII, 381 p. 63 illus., 58 illus. in color. |
| Other physical details |
online resource. |
| 336 ## - CONTENT TYPE |
| Content type term |
text |
| Content type code |
txt |
| Source |
rdacontent |
| 337 ## - MEDIA TYPE |
| Media type term |
computer |
| Media type code |
c |
| Source |
rdamedia |
| 338 ## - CARRIER TYPE |
| Carrier type term |
online resource |
| Carrier type code |
cr |
| Source |
rdacarrier |
| 347 ## - DIGITAL FILE CHARACTERISTICS |
| File type |
text file |
| Encoding format |
PDF |
| Source |
rda |
| 490 ## - SERIES STATEMENT |
| Series statement |
Synthesis Lectures on Ocean Systems Engineering, |
| International Standard Serial Number |
2692-4471 |
| 505 ## - FORMATTED CONTENTS NOTE |
| Formatted contents note |
Part 1: Context of Health and Safety in the Maritime Environment -- General duties and responsibilities for crew safety, health and welfare on ships -- Health and safety and the maritime environment -- Shipboard emergencies and emergency equipment -- Health and safety during the carriage of dangerous goods -- Means of access, safe movement, and enclosed spaces -- Manual handling, tools, and deck maintenance -- Working in dangerous conditions -- Part 2: Healthy Living at Sea -- Importance of good health and hygiene on ships -- Water management practices for ships -- Water safety planning. |
| 520 ## - SUMMARY, ETC. |
| Summary, etc. |
This book has been written to account for improvements in the regulatory regime for shipboard health, safety and welfare. It considers the various regulations and statutory requirements for sanitation, the provision of potable and non-drinkable water, food and provisions, disease and infectious transfer, management of vectors and general health and safety onboard modern merchant and cruise ships. |
| 650 ## - SUBJECT ADDED ENTRY--TOPICAL TERM |
| Topical term or geographic name entry element |
Marine engineering. |
| 650 ## - SUBJECT ADDED ENTRY--TOPICAL TERM |
| Topical term or geographic name entry element |
Occupational health services. |
| 650 ## - SUBJECT ADDED ENTRY--TOPICAL TERM |
| Topical term or geographic name entry element |
Shipping. |
| 650 ## - SUBJECT ADDED ENTRY--TOPICAL TERM |
| Topical term or geographic name entry element |
Marine Engineering. |
| 650 ## - SUBJECT ADDED ENTRY--TOPICAL TERM |
| Topical term or geographic name entry element |
Occupational Health. |
| 650 ## - SUBJECT ADDED ENTRY--TOPICAL TERM |
| Topical term or geographic name entry element |
Maritime Economics. |
| 710 ## - ADDED ENTRY--CORPORATE NAME |
| Corporate name or jurisdiction name as entry element |
SpringerLink (Online service) |
| 773 ## - HOST ITEM ENTRY |
| Title |
Springer Nature eBook |
| 776 ## - ADDITIONAL PHYSICAL FORM ENTRY |
| Relationship information |
Printed edition: |
| International Standard Book Number |
9783031516665 |
| 776 ## - ADDITIONAL PHYSICAL FORM ENTRY |
| Relationship information |
Printed edition: |
| International Standard Book Number |
9783031516689 |
| 776 ## - ADDITIONAL PHYSICAL FORM ENTRY |
| Relationship information |
Printed edition: |
| International Standard Book Number |
9783031516696 |
| 830 ## - SERIES ADDED ENTRY--UNIFORM TITLE |
| Uniform title |
Synthesis Lectures on Ocean Systems Engineering, |
| International Standard Serial Number |
2692-4471 |
| 856 ## - ELECTRONIC LOCATION AND ACCESS |
| Uniform Resource Identifier |
<a href="https://doi.org/10.1007/978-3-031-51667-2">https://doi.org/10.1007/978-3-031-51667-2</a> |
| 912 ## - |
| -- |
ZDB-2-SXSC |